Clique sur les sportifs - Statistiques

Statistiques générales
  • Ce quiz a été pris 135 fois
  • Le résultat moyen est 23 sur 45
Statistiques - réponses
Question Tuile Select % Correct
Nageurs Leon Marchand Oui
91%
Athletes Usain Bolt Oui
89%
Cyclistes Bob Stevenson Non
86%
Nageurs Mireia Sanchez Non
86%
Cyclistes Caleb Dressel Non
82%
Cyclistes Claude Moripart Non
81%
Athletes Stacey Undergrath Non
81%
Athletes Latrell Sprewell Non
75%
Nageurs Stefania Kirpunikova Non
73%
Nageurs James Phelps Non
71%
Athletes Paulo Jacobs Non
69%
Skieurs alpins Philipo Marcado Non
69%
Cyclistes Jeannie Longo Oui
65%
Nageurs Matilda McKeon Non
64%
Cyclistes Michael Roche Non
64%
Skieurs alpins Ted Montgomery Non
64%
Skieurs alpins Mathieu Clarey Non
60%
Cyclistes Fausto Coppi Oui
57%
Cyclistes George Bennett Oui
57%
Athletes Stephy Asher-Smith Non
55%
Skieurs alpins Paul Lamy Chapuis Non
53%
Nageurs Ryan Lochte Oui
50%
Cyclistes Jan Petersen Non
47%
Padelistas Pedro Miguel Yanguas Non
44%
Athletes Jonathan Edwards Oui
41%
Skieurs alpins Marco Odermatt Oui
39%
Athletes Jakob Ingebrigtsen Oui
38%
Padelistas Pedro Lima Non
38%
Nageurs Summer McIntosh Oui
38%
Athletes Karsten Warholm Oui
37%
Cyclistes Federico Bahamontes Oui
36%
Nageurs Nathan Adrian Oui
36%
Padelistas Francesco Galan Non
29%
Padelistas Agustin Tapia Oui
28%
Padelistas Arturo Coello Oui
28%
Skieurs alpins Manuel Feller Oui
28%
Padelistas Fede Chingotto Oui
27%
Padelistas Juan Lebron Oui
27%
Nageurs Sarah Sjostrom Oui
27%
Skieurs alpins Romane Miradoli Oui
25%
Skieurs alpins Loic Meillard Oui
24%
Skieurs alpins Quentin Fillon Maillet Non
22%
Padelistas Martin Di Nenno Oui
20%
Padelistas Jon Sanz Oui
19%
Athletes Keely Hodgkinson Oui
18%
Aucun quiz correspondant
Distribution des résultats
% des personnes avec chaque résultat
Percentile par nombre de réponses
Votre historique - résultats
Vous n’avez pas pris ce quiz